Vista normal Vista MARC

Entrada Topical Term

Número de registros utilizados en: 7

001 - CONTROL NUMBER

  • control field: 59714

003 - CONTROL NUMBER IDENTIFIER

  • control field: OSt

005 - DATE AND TIME OF LATEST TRANSACTION

  • control field: 20250605103140.0

008 - FIXED-LENGTH DATA ELEMENTS

  • fixed length control field: 250605|| aca||aabn | a|a d

040 ## - CATALOGING SOURCE

  • Original cataloging agency: OSt
  • Transcribing agency: OSt

150 ## - HEADING--TOPICAL TERM

  • Topical term or geographic name entry element: Ciencia
  • General subdivision: Historia

670 ## - SOURCE DATA FOUND

  • Source citation: Work cat.: (OSt)57172: Enciclopedia de ciencia y tecnología









Instituto Departamental de Cultura del Meta - Red Departamental de Bibliotecas Públicas del Meta.